Tous les Pokémon de type sol - Statistiques

Statistiques générales
  • Ce quiz a été pris 21 fois
  • Le résultat moyen est 58 sur 81
Statistiques - réponses
Hint Réponse % Correct
Sol/Roche Grolem
94%
Sol/Roche Onix
94%
Sol/Acier Steelix
94%
Sol/Roche Gravalanch
88%
Sol/Eau Maraiste
88%
Sol/Roche Racaillou
88%
Sol Taupiqueur
88%
Sol/Acier* Taupiqueur d'Alola
88%
Sol Triopikeur
88%
Sol/Acier* Triopikeur d'Alola
88%
Sol/Eau Axoloto
82%
Sol/Poison* Axoloto de Paldea
82%
Sol/Dragon LIbégon
82%
Sol/Electrik Limonde
82%
Sol/Acier* Limonde de Galar
82%
Sol Sabelette
82%
Sol Sablaireau
82%
Sol/Vol Scorplane
82%
Sol/Vol Scorvol
82%
Sol/Eau Barbicha
76%
Sol/Eau Barloche
76%
Sol/Dragon Carchacrok
76%
Sol/Dragon Carmache
76%
Sol/Ténèbres Crocorible
76%
Sol/Ténèbres Escroco
76%
Sol/Dragon Griknot
76%
Sol Hippodocus
76%
Sol/Eau Laggron
76%
Sol/Ténèbres Mascaïman
76%
Sol/Poison Terraiste
76%
Sol/Plante Torterra
76%
Sol/Eau Tritosor
76%
Sol/Dragon Vibraninf
76%
Sol/Spectre Bacabouh
71%
Sol/Psy Balbuto
71%
Sol/Feu Camérupt
71%
Sol/Feu Chamallot
71%
Sol/Glace Cochignon
71%
Sol/Vol Démétéros
71%
Sol Donphan
71%
Sol/Eau Flobio
71%
Sol/Spectre Golemastoc
71%
Sol/Spectre Gringolem
71%
Sol Hippopotas
71%
Sol/Glace Mammochon
71%
Sol/Glace Marcacrin
71%
Sol/Insecte Ningale
71%
Sol Phanpy
71%
Sol/Roche Rhinocorne
71%
Sol/Roche Rhinoféros
71%
Sol/Spectre Trépassable
71%
Sol/Spectre Tutétékri
71%
Sol/Ténèbres Dinglu
65%
Sol/Normal Excavarenne
65%
Sol/Combat Fort-Ivoire
65%
Sol Groudon
65%
Sol/Psy Kaorine
65%
Sol Kraknoix
65%
Sol/Acier Minotaupe
65%
Sol/Roche Rhinastoc
65%
Sol/Normal Ursaking
65%
Sol/Eau Batracné
59%
Sol Bourrinos
59%
Sol/Eau Crapustule
59%
Sol/Roche Embrylex
59%
Sol Ossatueur
59%
Sol Osselait
59%
Sol Rototaupe
59%
Sol/Plante Terracool
59%
Sol/Plante Terracruel
59%
Sol Tiboudet
59%
Sol/Spectre* Tutafeh de Galar
59%
Sol/Roche Ymphect
59%
Sol/Dragon Zygarde
59%
Sol/Insecte! Cheniselle
53%
Sol Dunaconda
53%
Sol Dunaja
53%
Sol/Poison Nidoking
53%
Sol/Poison Nidoqueen
53%
Sol/Acier Roue-de-fer
53%
Sol/Electrik Pelage-Sablé
41%
Aucun quiz correspondant
Distribution des résultats
% des personnes avec chaque résultat
Percentile par nombre de réponses
Votre historique - résultats
Vous n’avez pas pris ce quiz